Laboratorio de Ideas: Bicentenario

La celebración del Bicentenario de la Revolución de Mayo es una invitación a la mirada retrospectiva, a la reflexión, a la búsqueda de señales que nos indiquen de dónde venimos, dónde puede rastrearse la identidad nacional. El ciclo propone asomarnos a ese horizonte a través de la mirada de los cien...

Descripción completa

Guardado en:
Autor Principal: Rodríguez, Ezequiel.
Autores Corporativos: Canal Encuentro., El oso producciones.
Otros Autores: Paenza, Adrián; Conducción., Martínez, Claudia; Producción General., Chaine, Silvina; Producción General.
Formato: Deslizar
Idioma:Undetermined
Publicado: Buenos Aires : Canal Encuentro, 2010.
Materias:
Acceso en línea:https://encuentro.gob.ar/programas/serie/8136/
Etiquetas: Agregar Etiqueta
Sin Etiquetas, Sea el primero en etiquetar este registro!
LEADER 02398ngm a22004455a 4500
001 CEM.cems019514
008 220907s2010####ag#---############vlund#d
005 20240418135510.0
245 1 0 |a Laboratorio de Ideas: Bicentenario  |h [videograbación] /  |c Ezequiel Rodríguez. 
260 |a Buenos Aires :  |b Canal Encuentro,  |c 2010. 
300 |a 28'. 
505 0 |a 01. Derecho -- 02. Historia de la educación argentina -- 03. Estado, Nación, Ciudadanía, Identidad -- 04. Espacio interior, economía y población -- 05. Población y arqueología -- 06. Medicina y salud -- 07. Sociología y arquitectura en Plaza de Mayo -- 08. Historia, ciencias agrarias, economía -- 09. Epidemiología -- 10. Inmigración -- 11. Geopolítica y soberanía -- 12. Ciencia aplicada -- 13. Ciencia en la Argentina -- Duración aproximada por capítulo 28 minutos. Duración total aproximada: 6 horas 
520 |a La celebración del Bicentenario de la Revolución de Mayo es una invitación a la mirada retrospectiva, a la reflexión, a la búsqueda de señales que nos indiquen de dónde venimos, dónde puede rastrearse la identidad nacional. El ciclo propone asomarnos a ese horizonte a través de la mirada de los científicos más destacados de la Argentina, aquellos hombres y mujeres que con sus investigaciones ya están explorando ese futuro, ya están imaginando los escenarios del mañana, sus desafíos, sus dilemas, sus encrucijadas. 
538 |a Soporte: DVD -- Formato: AVI -- Peso: 3.59gb -- Resolución: 720x540 -- 25fps 
100 1 |a Rodríguez, Ezequiel. 
700 1 |a Paenza, Adrián; Conducción. 
700 1 |a Martínez, Claudia; Producción General. 
700 1 |a Chaine, Silvina; Producción General. 
710 2 |a Canal Encuentro. 
710 2 |a El oso producciones. 
653 |a ARGENTINA 
653 |a HISTORIA 
653 |a BICENTENARIO 
653 |a REVOLUCIÓN DE MAYO 
653 |a IDENTIDAD 
653 |a CIENCIAS 
653 |a CIENTÍFICOS 
653 |a CIENTÍFICAS 
653 |a DERECHO 
653 |a EDUCACIÓN 
653 |a ESTADO 
653 |a NACIÓN 
653 |a CIUDADANÍA 
653 |a ECONOMÍA 
653 |a SOCIOLOGÍA 
653 |a PLAZA DE MAYO 
653 |a GEOPOLÍTICA 
653 |a INMIGRACIÓN 
856 |u https://encuentro.gob.ar/programas/serie/8136/ 
859 |a CEMS  |b BIB. CEMS - Depto. Recursos Didacticos  |h 982  |i ROD  |k DRD  |p 2881.22  |t Ej.1